| 000 | 01975cam a2200433Mi 4500 | ||
|---|---|---|---|
| 001 | moominmoominvall00jans | ||
| 003 | CaSfIA | ||
| 005 | 20210118190450.0 | ||
| 007 | cr|||| | ||
| 008 | 890711s1989 fi 000 0 eng d | ||
| 040 |
_aFILIN _bfin _cFILIN _dOCLCQ _dCaSfIA |
||
| 020 | _a9519604480 (nid.) | ||
| 020 | _a9789519604480 (nid.) | ||
| 035 | _a(OCoLC)57883402 | ||
| 041 | 1 |
_aeng _hfin |
|
| 080 | _a06 | ||
| 080 | _a73/76 | ||
| 245 | 0 | 0 |
_aMoomin : _h[electronic resource] _bMoominvalley, Tampere Art Museum / _c[text, drawings and water-colours: Tove Jansson ; photos: Per Olov Jansson ; transl. by Lars Jansson ; ed.: Anneli Ilmonen, Elli Perkko ; publ.: Tampere Art Museum]. |
| 260 |
_a[Tampere] : _bTampere Art Museum, _c1989 _f(Tamprint) |
||
| 300 |
_a72 s. : _bkuv. ; _c25 cm. |
||
| 490 | 1 |
_aPublications / Tampere Art Museum, _x0782-3746 ; _v26 |
|
| 500 | _aMoominvalley, Tampere Town Library. - Exhibition organized by Tampere Art Museum ; work team: Tuulikki Pietilä, Tove Jansson, Anneli Ilmonen. - Ilm. myös suom. ja ruots. | ||
| 600 | 1 | 4 | _aJansson, Tove. |
| 650 | 7 |
_anäyttelyjulkaisut. _2ysa |
|
| 650 | 7 |
_akuvitus. _2ysa |
|
| 650 | 7 |
_akuvittajat. _2ysa |
|
| 650 | 7 |
_alastenkirjallisuus. _2ysa |
|
| 700 | 1 | _aJansson, Tove. | |
| 700 | 1 | _aIlmonen, Anneli. | |
| 700 | 1 | _aPerkko, Elli. | |
| 700 | 1 | _aPietilä, Tuulikki. | |
| 710 | 2 | _aTampereen taidemuseo. | |
| 710 | 2 | _aTampereen kaupunginkirjasto - Pirkanmaan maakuntakirjasto. | |
| 830 | 0 |
_aTampereen taidemuseon julkaisuja ; _v26. |
|
| 856 | 4 | 1 |
_uhttp://www.archive.org/details/moominmoominvall00jans _zFree eBook from the Internet Archive |
| 942 | _cEB | ||
| 506 | _fНеобхідна авторизація на https://archive.org/ (створення облікового запису безкоштовно) | ||
| 506 | _fНеобхідна авторизація на https://openlibrary.org/ (створення облікового запису безкоштовно) | ||
| 999 |
_c526718 _d526718 |
||